00234nam a2200097Ia 4500008004100000082001500041100002000056245003300076260001900109600000800128241002s9999 xx 000 0 und d a760.75 DEN aDenis, Valentin 0aPicture History of World Art aNew York:cN/A aArt